Loading...
| Philosophy | 1 | 1 | 0 | 0 | 25 | 66 | 98.50 | 0 | 1 |
| Geography | 0 | 2 | 0 | 0 | 20 | 74 | 97.50 | 1 | 2 |
| Social Science | 1 | 1 | 1 | 0 | 20 | 54 | 59.00 | 1 | 2 |
| Current Events | 1 | 1 | 1 | 0 | 20 | 41 | 59.50 | 1 | 1 |
| History - World History | 1 | 0 | 0 | 0 | 15 | 52 | 52.00 | 1 | 1 |
| Ancient History and Archaeology | 1 | 0 | 0 | 0 | 15 | 72 | 72.00 | 1 | 1 |
| Science - Chemistry | 0 | 1 | 0 | 0 | 10 | 80 | 80.00 | 1 | 1 |
| Literature - American Literature | 0 | 1 | 0 | 0 | 10 | 74 | 74.00 | 0 | 1 |
| Other Science: Earth Science | 0 | 1 | 0 | 1 | 10 | 137 | 137.00 | 0 | 0 |
| British and Commonwealth History | 0 | 1 | 0 | 0 | 10 | 118 | 118.00 | 0 | 0 |
| Science - Biology | 0 | 1 | 1 | 0 | 5 | 94 | 94.00 | 1 | 1 |
| History - American History | 0 | 0 | 1 | 0 | -5 | 0.00 | 0 | 0 | |
| Beliefs | 0 | 0 | 2 | 0 | -10 | 0.00 | 0 | 0 | |
| History - European History | 0 | 0 | 3 | 0 | -15 | 0.00 | 0 | 0 |